[Event "Skopje ol (Men) fin-A"]
[Site "Skopje"]
[Date "1972.09.30"]
[Round "4"]
[White "Gheorghiu, Florin"]
[Black "Andersson, Ulf"]
[Result "1/2-1/2"]
[WhiteElo "2520"]
[BlackElo "2535"]
[EventDate "1972.09.27"]

1. c4 Nf6 2. Nc3 e6 3. Nf3 d5 4. d4 Nbd7 5. cxd5 exd5 6. Bg5 Be7 7. e3 c6 
8. Qc2 O-O 9. Bd3 Re8 10. O-O-O Nf8 11. h3 a5 12. Kb1 Be6 13. Ne5 Ne4 14. 
Bxe4 Bxg5 15. Bd3 Be7 16. e4 dxe4 17. Bxe4 Rc8 18. Rhe1 Bb4 19. Re3 Rc7 
20. Na4 f6 21. Nd3 Bd6 22. Ndc5 Be7 23. Bd3 Kh8 1/2-1/2

[Event "IBM"]
[Site "Amsterdam"]
[Date "1974.??.??"]
[Round "5"]
[White "Lombardy, William James"]
[Black "Csom, Istvan"]
[Result "1/2-1/2"]
[WhiteElo "2520"]
[BlackElo "2540"]
[EventDate "1974.07.??"]

1. Nf3 Nf6 2. c4 e6 3. Nc3 d5 4. d4 Be7 5. Bg5 Nbd7 6. e3 O-O 7. cxd5 exd5
8. Bd3 c6 9. Qc2 Re8 10. h3 Nf8 11. Bxf6 Bxf6 12. O-O-O Be6 13. Kb1 Rc8 
14. g4 b5 15. Ne2 g6 16. Nc1 Nd7 17. Nb3 Bg7 18. Rc1 Nb6 19. Nc5 Nc4 20. 
Qd1 Qd6 21. Qg1 Rc7 22. Rc2 Bc8 23. h4 h6 24. Bf1 Rce7 25. Bh3 a5 26. Qh2 
Qd8 27. g5 h5 28. Bxc8 Qxc8 29. Qh3 1/2-1/2

[Event "Nice ol (Men) fin-A"]
[Site "Nice"]
[Date "1974.06.17"]
[Round "3"]
[White "Najdorf, Miguel"]
[Black "Byrne, Robert E"]
[Result "1/2-1/2"]
[WhiteElo "2520"]
[BlackElo "2595"]
[EventDate "1974.06.06"]

1. d4 Nf6 2. c4 e6 3. Nf3 d5 4. Nc3 Be7 5. Bg5 Nbd7 6. e3 O-O 7. cxd5 exd5
8. Bd3 c6 9. Qc2 Re8 10. O-O Nf8 11. Rab1 a5 12. a3 Ng6 13. Bxf6 Bxf6 14. 
Bf5 Bxf5 1/2-1/2

[Event "URS-YUG"]
[Site "Odessa"]
[Date "1975.??.??"]
[Round "1"]
[White "Ivkov, Borislav"]
[Black "Gufeld, Eduard"]
[Result "1/2-1/2"]
[WhiteElo "2550"]
[BlackElo "2535"]
[EventDate "1975.??.??"]

1. d4 d5 2. c4 e6 3. Nc3 Nf6 4. Bg5 Be7 5. e3 O-O 6. Nf3 Nbd7 7. cxd5 exd5
8. Bd3 Re8 9. Qc2 Nf8 10. O-O c6 11. Ne5 Ng4 12. Bxe7 Qxe7 13. Nxg4 Bxg4 
14. Rae1 Bh5 15. Ne2 Bg6 16. Nf4 Bxd3 17. Nxd3 a5 18. Rb1 Ne6 19. b4 axb4 
20. Rxb4 Rec8 21. Rfb1 Rc7 1/2-1/2

[Event "URS-chT"]
[Site "Riga"]
[Date "1975.??.??"]
[Round "?"]
[White "Tal, Mihail"]
[Black "Vaganian, Rafael A"]
[Result "1/2-1/2"]
[WhiteElo "2645"]
[BlackElo "2530"]
[EventDate "1975.07.15"]

1. Nf3 d5 2. d4 Nf6 3. c4 c6 4. Nc3 e6 5. Bg5 Nbd7 6. cxd5 exd5 7. e3 Be7 
8. Qc2 O-O 9. Bd3 Re8 10. O-O Nf8 11. Rae1 Ne4 12. Bxe7 Qxe7 13. Bxe4 dxe4
14. Nd2 f5 15. f3 exf3 16. Nxf3 Be6 17. e4 fxe4 18. Rxe4 Rad8 19. Rfe1 h6 
20. Re5 Qf7 21. Qe4 Rd6 22. Qe3 Nd7 23. Ra5 Nf6 24. Qf4 Red8 25. Rxa7 Qd7 
26. Na4 Nd5 27. Qg3 Qc7 28. Nc5 Bc8 29. Ne5 Rf6 30. Ne4 Rf4 31. Ng6 Qb6 
32. Nxf4 Qxa7 33. Nxd5 Qxd4+ 34. Qe3 1/2-1/2

[Event "Vratsa zt"]
[Site "Vratsa"]
[Date "1975.11.05"]
[Round "10"]
[White "Gheorghiu, Florin"]
[Black "Radulov, Ivan"]
[Result "1/2-1/2"]
[WhiteElo "2540"]
[BlackElo "2510"]
[EventDate "1975.10.23"]

1. c4 Nf6 2. Nc3 e6 3. d4 d5 4. cxd5 exd5 5. Bg5 c6 6. e3 Nbd7 7. Qc2 h6 
8. Bh4 Be7 9. Bd3 O-O 10. Nf3 Ne8 11. Bg3 Bd6 12. O-O-O Ndf6 13. Bxd6 Nxd6
14. Ne5 Qe7 15. Kb1 1/2-1/2

[Event "YUG-URS match"]
[Site "Krk"]
[Date "1976.??.??"]
[Round "?"]
[White "Vaganian, Rafael A"]
[Black "Kurajica, Bojan"]
[Result "0-1"]
[WhiteElo "2550"]
[BlackElo "2525"]
[EventDate "1976.05.27"]

1. c4 e6 2. d4 d5 3. Nc3 Nf6 4. cxd5 exd5 5. Bg5 Be7 6. e3 c6 7. Qc2 Nbd7 
8. Bd3 Nf8 9. Nge2 g6 10. O-O Ne6 11. Bxf6 Bxf6 12. b4 a6 13. Na4 O-O 14. 
Rab1 Ng7 15. Nc5 Be7 16. Qc3 Bd6 17. a4 Qh4 18. Ng3 Qe7 19. Be2 h5 20. 
Rfe1 h4 21. Nf1 Bf5 22. Rb2 Rac8 23. Bd3 Rfe8 24. h3 Rc7 25. Rbe2 a5 26. 
Bxf5 axb4 27. Qxb4 Nxf5 28. a5 Bxc5 29. dxc5 Qe4 30. Qb6 Rce7 31. Nh2 Nh6 
32. Nf3 Ra8 33. Ra1 Nf5 34. Rb2 Qe6 35. Ra4 Qf6 36. Rf4 Qc3 37. Ra4 Kg7 
38. Qb4 Qc1+ 39. Kh2 Re4 40. Qxb7 Rxa4 41. Ng5 Ra1 0-1

[Event "Montilla"]
[Site "Montilla"]
[Date "1977.??.??"]
[Round "1"]
[White "Andersson, Ulf"]
[Black "Byrne, Robert E"]
[Result "1/2-1/2"]
[WhiteElo "2565"]
[BlackElo "2580"]
[EventDate "1977.08.??"]

1. Nf3 Nf6 2. c4 c6 3. Nc3 d5 4. d4 e6 5. cxd5 exd5 6. Qc2 Bd6 7. Bg5 Nbd7
8. e3 Nf8 9. Bh4 Ng6 10. Bg3 O-O 11. Bd3 Re8 12. O-O Bg4 13. Nd2 Rc8 14. 
Rab1 Bxg3 15. hxg3 Be6 16. b4 b6 17. Rfc1 Re7 18. Ne2 Rec7 19. a4 Qd6 20. 
Nc3 Ne8 21. a5 Nf8 22. Nf3 g6 23. axb6 axb6 24. Qb2 Nd7 25. e4 dxe4 26. 
Nxe4 Qf8 27. Ne5 Bd5 28. Nc3 Be6 29. Ne2 Nxe5 30. dxe5 c5 31. bxc5 bxc5 
32. Bc4 Qe7 33. Bxe6 fxe6 34. Nc3 c4 35. Ne4 Rc6 36. Qc3 Rd8 37. Rd1 Rd5 
38. Rd4 Qd7 39. Rbd1 Kg7 40. Nf6 Nxf6 41. exf6+ Kf7 42. Kh2 1/2-1/2

[Event "Tilburg"]
[Site "Tilburg"]
[Date "1977.09.29"]
[Round "6"]
[White "Andersson, Ulf"]
[Black "Kavalek, Lubomir"]
[Result "1/2-1/2"]
[WhiteElo "2565"]
[BlackElo "2545"]
[EventDate "1977.09.23"]

1. c4 Nf6 2. Nf3 c6 3. Nc3 d5 4. d4 e6 5. cxd5 exd5 6. Qc2 Be7 7. Bg5 O-O 
8. e3 Nbd7 9. Bd3 Re8 10. O-O Nf8 11. Ne5 Ng4 12. Bxe7 Qxe7 13. Nxg4 Bxg4 
14. Rab1 a5 15. Rfc1 Bh5 16. a3 Bg6 17. b4 axb4 18. axb4 Bxd3 19. Qxd3 
1/2-1/2

[Event "Halle DSV"]
[Site "Halle"]
[Date "1978.??.??"]
[Round "6"]
[White "Giorgadze, Tamaz"]
[Black "Malich, Burkhard"]
[Result "1/2-1/2"]
[WhiteElo "2525"]
[BlackElo "2535"]
[EventDate "1978.11.05"]

1. d4 d5 2. c4 c6 3. Nf3 Nf6 4. Nc3 e6 5. Bg5 Nbd7 6. cxd5 exd5 7. e3 Be7 
8. Bd3 Nf8 9. Qc2 g6 10. O-O Ne6 11. Bxf6 Bxf6 12. b4 O-O 13. Qb3 Qd6 14. 
b5 Bd7 15. Rac1 Rfc8 16. Rfd1 Bd8 17. Bf1 Ba5 18. bxc6 bxc6 19. Na4 Rab8 
20. Qc2 f6 21. g3 Bb4 22. h4 Ba3 23. Rb1 Ng7 24. Rxb8 Rxb8 25. Rb1 Kf7 26.
 Bd3 Rxb1+ 27. Qxb1 Qb4 28. Qc2 Qb8 29. Nc5 Bxc5 30. Qxc5 Ne6 31. Qc2 Ng7 
32. Kg2 Qb6 33. Nd2 Bf5 34. Nb3 Bxd3 35. Qxd3 Ne6 36. Qc3 Qb5 37. Kf3 Ke7 
38. Qc1 a6 39. Kg2 Kd7 40. h5 Qd3 41. hxg6 hxg6 42. Qb2 g5 43. a4 g4 44. 
Nc5+ Nxc5 45. dxc5 1/2-1/2

[Event "IBM"]
[Site "Amsterdam"]
[Date "1978.??.??"]
[Round "9"]
[White "Ree, Hans"]
[Black "Browne, Walter S"]
[Result "0-1"]
[WhiteElo "2500"]
[BlackElo "2550"]
[EventDate "1978.07.??"]

1. d4 Nf6 2. c4 e6 3. Nc3 Bb4 4. Qc2 d5 5. cxd5 exd5 6. Bg5 c6 7. e3 Nbd7 
8. Bd3 h6 9. Bh4 a5 10. Nf3 O-O 11. O-O Re8 12. a3 Be7 13. Rab1 b5 14. a4 
b4 15. Ne2 Ba6 16. Nc1 Qb6 17. Bxa6 Qxa6 18. Nd3 Ne4 19. Bxe7 Rxe7 20. Nd2
Nxd2 21. Qxd2 Rae8 22. Rbc1 Re6 23. Rc2 Kh8 24. Rfc1 Qb6 25. Nc5 Nxc5 26. 
Rxc5 Rd6 27. Qd3 g6 28. h4 h5 29. b3 Kg7 30. Qc2 Ree6 31. Kf1 Qd8 32. g3 
Qb6 33. Ke1 Rf6 34. Qe2 Rfe6 35. g4 Qd8 36. gxh5 Qxh4 37. hxg6 Rxg6 38. 
R5c2 Rdf6 39. Qf1 Rf3 40. Re2 Qh2 41. Kd2 Rg2 42. Kc2 Qh7+ 43. Kd2 Qh2 44.
 Kd3 Rfxf2 45. Rxf2 Rxf2 46. Qg1+ Qxg1 47. Rxg1+ Kf6 48. Rc1 Rb2 49. Rxc6+
Kf5 50. Ra6 Rxb3+ 51. Kc2 Rxe3 52. Rxa5 Ke4 53. Ra7 Rc3+ 54. Kb2 f5 55. 
Rb7 f4 56. Rxb4 Rc8 57. Rb7 f3 58. Rf7 Ke3 59. a5 f2 60. a6 Ra8 61. Re7+ 
Kxd4 62. Rf7 Ke3 63. Re7+ Kd2 64. Rf7 Ke1 65. Re7+ Kd1 66. Rf7 Ke2 67. 
Re7+ Kd2 68. Rf7 Ke2 69. Re7+ Kd3 70. Rf7 Rxa6 71. Rxf2 Re6 72. Rf3+ Kd2 
73. Rf2+ Re2 74. Rf5 d4 75. Rh5 Kd1+ 76. Kb3 Re3+ 77. Kc4 d3 78. Rh1+ Kc2 
0-1

[Event "Kiev"]
[Site "Kiev"]
[Date "1978.06.19"]
[Round "13"]
[White "Alburt, Lev O"]
[Black "Knezevic, Milorad"]
[Result "1/2-1/2"]
[WhiteElo "2515"]
[BlackElo "2505"]
[EventDate "1978.??.??"]

1. d4 d5 2. c4 Bf5 3. Nc3 e6 4. cxd5 exd5 5. Nf3 c6 6. Bg5 Qb6 7. Qc1 Nd7 
8. e3 Ngf6 9. Be2 Bd6 10. Bh4 h6 11. Bg3 Be7 12. O-O O-O 13. Ne5 Nxe5 14. 
Bxe5 Nd7 15. Bg3 1/2-1/2

[Event "Niksic"]
[Site "Niksic"]
[Date "1978.??.??"]
[Round "1"]
[White "Portisch, Lajos"]
[Black "Ljubojevic, Ljubomir"]
[Result "1/2-1/2"]
[WhiteElo "2630"]
[BlackElo "2605"]
[EventDate "1978.06.??"]

1. d4 Nf6 2. c4 e6 3. Nc3 d5 4. Bg5 Nbd7 5. cxd5 exd5 6. e3 c6 7. Bd3 Bd6 
8. Nf3 Nf8 9. Ne5 Qe7 10. f4 h6 11. Bh4 g5 12. fxg5 hxg5 13. Bxg5 Rg8 14. 
Bh4 Bxe5 15. dxe5 Qxe5 16. Qf3 Ng4 17. O-O-O Be6 18. Rde1 Nxh2 19. Qf4 Ng4
20. Qb4 Qc7 21. e4 Ne5 22. Bf1 d4 23. Qxd4 Rh8 24. Qc5 Nd3+ 25. Bxd3 Qf4+ 
26. Kb1 Rxh4 27. Nd5 cxd5 28. Rhf1 Nd7 29. Rxf4 Nxc5 30. Bb5+ Ke7 31. Rxh4
Nxe4 32. Bd3 Rg8 33. Re2 Kd6 34. Kc1 Bf5 35. Rf4 Ke5 36. Rf1 Rg3 37. Rf3 
Rg7 38. Rc2 f6 39. Rf1 Rg3 40. Rf3 Rg7 41. a4 Be6 42. a5 a6 1/2-1/2

[Event "Telechess ol1 7778"]
[Site "telex"]
[Date "1978.12.02"]
[Round "4"]
[White "Knaak, Rainer"]
[Black "Vasiukov, Evgeni"]
[Result "1/2-1/2"]
[WhiteElo "2500"]
[BlackElo "2565"]
[EventDate "1977.??.??"]

1. d4 d5 2. c4 e6 3. Nc3 Nf6 4. cxd5 exd5 5. Bg5 Be7 6. e3 Nbd7 7. Qc2 O-O
8. Nf3 Re8 9. Bd3 c6 10. h3 Nf8 11. O-O-O Be6 12. g4 Rc8 13. Bxf6 Bxf6 14.
 Rdg1 c5 15. g5 Be7 16. h4 cxd4 17. Nxd4 Bb4 18. Kd2 Bc5 19. h5 Bxd4 20. 
exd4 a6 21. Qd1 b5 22. Qf3 g6 23. Rh4 Qe7 24. hxg6 fxg6 25. Nxd5 Bxd5 26. 
Qxd5+ Kg7 27. a3 Rcd8 28. Qf3 Qe6 29. Bc2 Qc4 30. Qd3 Qf7 31. f3 Re5 32. 
Bb3 Qc7 33. Rg2 Rf5 34. Re4 Rc8 35. Bc2 Rxf3 36. Qxf3 Qxc2+ 37. Ke1 Qb1+ 
38. Kf2 Rc7 39. Re7+ Rxe7 40. Qf6+ Kg8 41. Qxe7 Qxb2+ 42. Kg3 Qc3+ 43. Kh2
Qxd4 44. Qe1 a5 45. Rg3 b4 1/2-1/2

[Event "Clarin"]
[Site "Buenos Aires"]
[Date "1979.??.??"]
[Round "7"]
[White "Gheorghiu, Florin"]
[Black "Andersson, Ulf"]
[Result "1/2-1/2"]
[WhiteElo "2540"]
[BlackElo "2560"]
[EventDate "1979.11.??"]

1. d4 Nf6 2. c4 e6 3. Nf3 d5 4. Nc3 Nbd7 5. cxd5 exd5 6. Bg5 c6 7. e3 Bd6 
8. Bd3 Nf8 9. Qc2 Ng6 10. Nh4 O-O 11. Nf5 Bxf5 12. Bxf5 h6 13. Bxf6 Qxf6 
14. g3 Rfe8 15. O-O Nf8 16. Rad1 g6 17. Bh3 Nh7 18. Bg2 Qe7 19. e4 dxe4 
20. Nxe4 Nf6 21. Rfe1 Kg7 22. Qb3 Nxe4 23. Rxe4 Qc7 24. d5 Rxe4 25. Bxe4 
1/2-1/2

[Event "Hastings 7980"]
[Site "Hastings"]
[Date "1979.??.??"]
[Round "1"]
[White "Lein, Anatoly"]
[Black "Stean, Michael"]
[Result "1-0"]
[WhiteElo "2535"]
[BlackElo "2540"]
[EventDate "1979.12.??"]

1. d4 Nf6 2. c4 e6 3. Nf3 d5 4. Nc3 c6 5. cxd5 exd5 6. Bg5 Be7 7. e3 Bf5 
8. Bd3 Bxd3 9. Qxd3 Nbd7 10. O-O O-O 11. Rab1 a5 12. Rfc1 Re8 13. Rc2 Bd6 
14. Bh4 Qe7 15. Qf5 g6 16. Qh3 Kg7 17. Bg5 h5 18. Rbc1 Qe6 19. Qxe6 fxe6 
20. e4 dxe4 21. Nd2 e3 22. fxe3 Nd5 23. Nc4 Bc7 24. e4 Nxc3 25. Rxc3 Nf6 
26. Rb3 b5 27. Bxf6+ Kxf6 28. Nd2 Bb6 29. Nf3 Rac8 30. e5+ Kf5 31. Kf2 Ke4
32. Re3+ Kd5 33. Rd3 Rf8 34. Ke3 Rf5 35. h4 Rcf8 36. Rd2 Rf4 37. Rc5+ Bxc5
38. dxc5+ Kxc5 39. Ng5 Kb6 40. Nxe6 R4f5 41. Nxf8 Rxf8 42. Rd6 Rf5 43. 
Rxg6 Rxe5+ 44. Kf3 Rf5+ 45. Kg3 Rd5 46. Rg5 Rd2 47. Rxh5 Rxb2 48. Rh8 Rxa2
49. h5 Ra1 50. Kh2 Rd1 51. g4 a4 52. h6 Rd7 53. g5 a3 54. Ra8 Rd2+ 55. Kg3
Rd3+ 56. Kg4 Rd4+ 57. Kf5 b4 58. h7 Rh4 59. g6 1-0

[Event "Konex"]
[Site "Buenos Aires"]
[Date "1979.??.??"]
[Round "9"]
[White "Najdorf, Miguel"]
[Black "Kortschnoj, Viktor"]
[Result "1/2-1/2"]
[WhiteElo "2515"]
[BlackElo "2695"]
[EventDate "1979.07.??"]

1. Nf3 d5 2. d4 Nf6 3. c4 e6 4. Nc3 Nbd7 5. cxd5 exd5 6. Bg5 Be7 7. e3 O-O
8. Bd3 Re8 9. O-O c6 10. Qc2 Nf8 11. Rab1 Bg4 12. Ne5 Be6 13. b4 Rc8 14. 
Na4 Ne4 15. Bxe7 Qxe7 16. Nc5 f6 17. Nxe6 Qxe6 18. Nf3 Nd7 19. Nd2 f5 20. 
Nb3 b6 21. f3 Nd6 22. Rbe1 Nf6 23. Re2 Rc7 24. Qc1 Qc8 25. Rfe1 g6 26. Rc2
b5 27. Rce2 Rce7 28. Nc5 Nc4 29. a4 Nd7 30. axb5 cxb5 31. e4 Nxc5 32. bxc5
Qd7 33. Bxc4 bxc4 1/2-1/2

[Event "Tilburg"]
[Site "Tilburg"]
[Date "1979.??.??"]
[Round "7"]
[White "Timman, Jan H"]
[Black "Spassky, Boris V"]
[Result "1/2-1/2"]
[WhiteElo "2625"]
[BlackElo "2640"]
[EventDate "1979.11.??"]

1. d4 d5 2. c4 e6 3. Nc3 Nf6 4. cxd5 exd5 5. Bg5 Be7 6. e3 O-O 7. Bd3 Nbd7
8. Qc2 Re8 9. Nf3 Nf8 10. O-O c6 11. Bxf6 Bxf6 12. b4 a6 13. a4 g6 14. b5 
a5 15. bxc6 bxc6 16. Nb1 Qd6 17. Nbd2 Ne6 18. Rfc1 c5 19. Bb5 Re7 20. dxc5
Nxc5 21. Nd4 Bxd4 22. exd4 Ne6 23. Qc6 Qxc6 24. Bxc6 Bb7 25. Nb3 Bxc6 26. 
Rxc6 Rb8 27. Rc3 Reb7 28. Nxa5 Rb1+ 29. Rc1 Rxa1 30. Rxa1 Nxd4 31. f3 Rb4 
32. Ra2 Kg7 33. Kf2 Kf6 34. Ke3 Ne6 35. Nc6 Rc4 36. Nb8 d4+ 37. Ke2 Nc5 
38. a5 Nb3 39. Nd7+ Kg7 40. Rb2 Rc3 41. Ne5 Nxa5 42. Rb5 Ra3 43. f4 Kf6 
44. g4 Ke6 45. g5 Re3+ 46. Kf2 Nb3 47. Nf3 Kd6 48. Rb7 Nc5 49. Nxd4 
1/2-1/2

[Event "Buenos Aires"]
[Site "Buenos Aires"]
[Date "1980.??.??"]
[Round "?"]
[White "Kavalek, Lubomir"]
[Black "Ljubojevic, Ljubomir"]
[Result "1/2-1/2"]
[WhiteElo "2600"]
[BlackElo "2590"]
[EventDate "1980.10.15"]

1. d4 Nf6 2. c4 e6 3. Nf3 d5 4. Nc3 Nbd7 5. Bg5 c6 6. cxd5 exd5 7. e3 Bd6 
8. Bd3 Nf8 9. Qa4 Be7 10. Ne2 Ne6 11. Bh4 g6 12. O-O O-O 13. Rab1 a6 14. 
Rfe1 Ng7 15. Nf4 Nf5 16. Bg5 Nd6 17. Nd2 Re8 1/2-1/2

[Event "Chigorin mem 14th"]
[Site "Sochi"]
[Date "1980.??.??"]
[Round "10"]
[White "Knaak, Rainer"]
[Black "Balashov, Yuri S"]
[Result "0-1"]
[WhiteElo "2535"]
[BlackElo "2600"]
[EventDate "1980.09.??"]

1. d4 d5 2. c4 e6 3. Nc3 Be7 4. cxd5 exd5 5. Bf4 c6 6. e3 Bf5 7. g4 Be6 8.
 h4 Nd7 9. h5 Qb6 10. Rb1 h6 11. Bd3 Ngf6 12. f3 c5 13. Nge2 Rc8 14. Kf2 
cxd4 15. exd4 a6 16. Rc1 Qd8 17. Qb3 b5 18. a4 O-O 19. axb5 Nc5 20. Qd1 
Nxd3+ 21. Qxd3 axb5 22. Nxb5 Qd7 23. Rxc8 Rxc8 24. Ra1 Ne4+ 25. Kg1 Bg5 
26. Bxg5 Nxg5 27. Nbc3 f5 28. f4 Ne4 29. gxf5 Bxf5 30. Qb5 Qxb5 31. Nxb5 
Rc2 32. Nbc3 Bg4 33. Re1 Nf6 34. b4 Rb2 35. b5 Bxh5 36. Kf1 Bg6 37. Ra1 
Bd3 38. Ra8+ Kh7 39. Rb8 Ne4 40. Ke1 Bxe2 0-1

[Event "Porz"]
[Site "Porz"]
[Date "1982.??.??"]
[Round "7"]
[White "Hort, Vlastimil"]
[Black "Giorgadze, Tamaz"]
[Result "1/2-1/2"]
[WhiteElo "2590"]
[BlackElo "2500"]
[EventDate "1981.12.??"]

1. d4 d5 2. c4 e6 3. Nc3 Nf6 4. cxd5 exd5 5. Bg5 Be7 6. e3 O-O 7. Bd3 Nbd7
8. Nf3 c6 9. Qc2 Re8 10. h3 Nf8 11. Bf4 Be6 12. Be5 N6d7 13. Bg3 a6 14. 
Rd1 Rc8 15. O-O Qb6 16. Qb1 g6 17. a3 Qa7 18. Bf4 b5 19. Rfe1 Nb6 20. Bh6 
Nc4 21. Ne2 Bf6 22. Nf4 Bd7 23. Qc1 Nd6 24. Re2 a5 25. Bc2 a4 26. Nd3 Nf5 
27. Bxf8 Rxf8 28. Nc5 Nd6 29. Bd3 Rfe8 30. Rde1 Re7 31. Nd2 Rce8 32. Nb1 
Bc8 33. Nc3 Bg5 34. Na2 f5 35. Nb4 Qb6 36. Qc2 Kg7 37. b3 axb3 38. Qxb3 
Nb7 39. Qc3 Bf6 40. Nb3 Bd7 41. Qc1 Re6 42. g3 Be7 1/2-1/2

[Event "Sochi Chigorin mem"]
[Site "Sochi"]
[Date "1983.??.??"]
[Round "?"]
[White "Vaisser, Anatoli"]
[Black "Inkiov, Ventzislav"]
[Result "1/2-1/2"]
[WhiteElo "2515"]
[BlackElo "2500"]
[EventDate "1983.08.??"]

1. c4 e6 2. Nc3 d5 3. d4 Nf6 4. cxd5 exd5 5. Bg5 Be7 6. e3 O-O 7. Bd3 c6 
8. Qc2 Re8 9. Nge2 Nbd7 10. O-O Nf8 11. Rab1 a6 12. b4 g6 13. a4 a5 14. 
bxa5 Rxa5 15. Nc1 Ne6 16. Bxf6 Bxf6 17. Nb3 Ra7 18. a5 Be7 19. Ra1 Bd6 20.
 Ne2 Bd7 21. Ra2 Qh4 22. Ng3 Rea8 23. Rfa1 Qf6 1/2-1/2

[Event "Vrsac"]
[Site "Vrsac"]
[Date "1983.??.??"]
[Round "?"]
[White "Rajkovic, Dusan"]
[Black "Djuric, Stefan"]
[Result "1/2-1/2"]
[WhiteElo "2500"]
[BlackElo "2500"]
[EventDate "1983.09.??"]

1. d4 Nf6 2. c4 e6 3. Nf3 d5 4. Nc3 Be7 5. Bg5 Nbd7 6. e3 O-O 7. Rc1 c6 8.
 cxd5 exd5 9. Bd3 Re8 10. O-O Nf8 11. Qc2 1/2-1/2

[Event "Moscow-A"]
[Site "Moscow"]
[Date "1985.??.??"]
[Round "?"]
[White "Razuvaev, Yuri S"]
[Black "Dolmatov, Sergey"]
[Result "1/2-1/2"]
[WhiteElo "2520"]
[BlackElo "2540"]
[EventDate "1985.04.??"]

1. d4 d5 2. c4 e6 3. Nf3 Nf6 4. Nc3 Be7 5. cxd5 exd5 6. Bg5 c6 7. Qc2 O-O 
8. e3 Nbd7 9. Bd3 Re8 10. O-O Nf8 11. Bxf6 Bxf6 12. b4 a6 13. Rab1 Be7 14.
 Bf5 1/2-1/2

[Event "Moscow"]
[Site "Moscow"]
[Date "1986.??.??"]
[Round "?"]
[White "Eingorn, Vereslav S"]
[Black "Arkhipov, Sergey"]
[Result "1-0"]
[WhiteElo "2560"]
[BlackElo "2545"]
[EventDate "1986.03.??"]

1. d4 d5 2. c4 e6 3. Nf3 c6 4. Qc2 Nf6 5. Bg5 Nbd7 6. cxd5 exd5 7. Nc3 Bd6
8. e3 Nf8 9. Bd3 Ng6 10. h4 Qe7 11. O-O-O Bg4 12. Rde1 h6 13. Bxg6 hxg5 
14. hxg5 Rxh1 15. Rxh1 Nd7 16. Bf5 Bxf3 17. Bxd7+ Kxd7 18. Qf5+ Qe6 19. 
Qxe6+ Kxe6 20. gxf3 Kf5 21. f4 Kg4 22. Kd1 Kf3 23. Ke1 Rg8 24. Rg1 Bxf4 
25. exf4 Re8+ 26. Kf1 Kxf4 27. Rg3 Re7 28. Ne2+ Kf5 29. f4 Re8 30. Kf2 Rh8
1-0

[Event "Plovdiv"]
[Site "Plovdiv"]
[Date "1986.??.??"]
[Round "10"]
[White "Barbero, Gerardo F"]
[Black "Rasmussen, Karsten"]
[Result "1-0"]
[WhiteElo "2520"]
[BlackElo "2500"]
[EventDate "1986.06.24"]

1. d4 d5 2. c4 e6 3. Nc3 c6 4. cxd5 exd5 5. Bf4 Bf5 6. e3 Nf6 7. Nge2 Qb6 
8. Qd2 Be7 9. Ng3 Bg6 10. Bd3 Bxd3 11. Qxd3 Qa6 12. Qxa6 Nxa6 13. Nf5 g6 
14. Nd6+ Bxd6 15. Bxd6 Kd7 16. Be5 Ke6 17. f3 Rhe8 18. O-O-O Nb8 19. e4 
Nbd7 20. Bf4 dxe4 21. fxe4 Nb6 22. Rhf1 Nh5 23. d5+ Ke7 24. Bh6 cxd5 25. 
g4 dxe4 26. Nxe4 1-0

[Event "Sochi"]
[Site "Sochi"]
[Date "1986.??.??"]
[Round "6"]
[White "Chernin, Alexander"]
[Black "Smyslov, Vassily"]
[Result "1/2-1/2"]
[WhiteElo "2565"]
[BlackElo "2555"]
[EventDate "1986.09.??"]

1. d4 d5 2. c4 c6 3. Nf3 Nf6 4. Nc3 e6 5. Bg5 Nbd7 6. cxd5 exd5 7. e3 Be7 
8. Qc2 Nh5 9. Bxe7 Qxe7 10. Rb1 g6 11. Be2 Ndf6 12. Ne5 Bf5 13. Bd3 Bxd3 
14. Nxd3 Ne4 15. O-O O-O 16. b4 a6 17. a4 Nhf6 18. Nc5 Nxc3 19. Qxc3 Ne4 
20. Nxe4 Qxe4 21. Rfc1 f5 22. b5 axb5 23. axb5 f4 24. bxc6 bxc6 1/2-1/2

[Event "Sochi"]
[Site "Sochi"]
[Date "1986.??.??"]
[Round "11"]
[White "Razuvaev, Yuri S"]
[Black "Beliavsky, Alexander G"]
[Result "1-0"]
[WhiteElo "2535"]
[BlackElo "2585"]
[EventDate "1986.09.??"]

1. d4 d5 2. c4 e6 3. Nc3 Nf6 4. cxd5 exd5 5. Bg5 Be7 6. e3 O-O 7. Nf3 c6 
8. Bd3 Nbd7 9. Qc2 Re8 10. O-O Nf8 11. Rae1 Be6 12. Ne5 N6d7 13. Bxe7 Rxe7
14. f4 f6 15. Nf3 Nb6 16. f5 Bf7 17. g4 Qd6 18. Nh4 Rae8 19. Ng2 Nc4 20. 
Nd1 Nd7 21. b3 Na3 22. Qb2 Qb4 23. Rf4 Nb5 24. Bxb5 Qxb5 25. Nc3 Qb4 26. 
Qd2 Nb6 27. Rd1 a5 28. Rf3 Nc8 29. Nf4 Nd6 30. Rg3 Qb6 31. Rf1 Qd8 32. Nd3
a4 33. h4 axb3 34. axb3 Ne4 35. Nxe4 dxe4 36. Nf4 Bxb3 37. g5 Kh8 38. Qg2 
Qd6 39. Kh1 Rf8 40. Rg1 fxg5 41. Rxg5 Qd7 42. Rh5 Kg8 43. Qg5 b5 44. f6 
Ref7 45. Qh6 g6 46. Rxg6+ Kh8 47. Rhg5 1-0

[Event "Szirak"]
[Site "Szirak"]
[Date "1986.??.??"]
[Round "?"]
[White "Garcia Palermo, Carlos H"]
[Black "Nogueiras, Jesus"]
[Result "1/2-1/2"]
[WhiteElo "2515"]
[BlackElo "2570"]
[EventDate "1986.09.??"]

1. d4 d5 2. c4 e6 3. Nc3 Nf6 4. cxd5 exd5 5. Bg5 Nbd7 6. e3 Be7 7. Nf3 O-O
8. Qc2 Re8 9. Bd3 Nf8 10. O-O c6 11. Rab1 1/2-1/2

[Event "URS-ch FL54"]
[Site "Irkutsk"]
[Date "1986.??.??"]
[Round "?"]
[White "Salov, Valery"]
[Black "Pigusov, Evgeny"]
[Result "1/2-1/2"]
[WhiteElo "2550"]
[BlackElo "2500"]
[EventDate "1986.10.??"]

1. d4 Nf6 2. c4 e6 3. Nc3 d5 4. cxd5 exd5 5. Bg5 Be7 6. e3 O-O 7. Bd3 Nbd7
8. Nf3 c6 9. Qc2 Re8 10. O-O Nf8 11. a3 Ng6 12. Ne5 Nxe5 13. dxe5 Ng4 14. 
Bf4 Bf8 15. Bxh7+ Kh8 16. Bf5 Nxe5 17. Bxc8 Rxc8 18. Qf5 f6 19. Rfd1 Kg8 
20. Rac1 Rc7 21. Bg3 Rf7 22. Qc2 f5 1/2-1/2

[Event "Biel"]
[Site "Biel"]
[Date "1987.??.??"]
[Round "?"]
[White "Hort, Vlastimil"]
[Black "Lobron, Eric"]
[Result "1-0"]
[WhiteElo "2570"]
[BlackElo "2530"]
[EventDate "1987.07.??"]

1. d4 Nf6 2. c4 e6 3. Nc3 d5 4. cxd5 exd5 5. Bg5 Be7 6. e3 Nbd7 7. Bd3 c6 
8. Qc2 O-O 9. Nf3 Re8 10. O-O Nf8 11. Rab1 a5 12. a3 Be6 13. Rfc1 N6d7 14.
 Bf4 Nb6 15. Qb3 Bg4 16. Ne5 Bh5 17. Bg3 Bg6 18. Nxg6 hxg6 19. Nb5 a4 20. 
Qd1 Ne6 21. Nc3 Ra7 22. Bc2 Qa8 23. h4 Bf6 24. Qd3 Qd8 25. h5 gxh5 26. 
Qh7+ Kf8 27. Qxh5 g6 28. Qg4 Kg7 29. Rd1 Qd7 30. Ne2 Rh8 31. b3 axb3 32. 
Rxb3 Nc4 33. a4 b6 34. Bf5 Kf8 35. Bd3 Nxd4 36. Qxd7 Rxd7 37. Nxd4 c5 38. 
Nf3 Nb2 39. Rb1 c4 40. Rxb6 cxd3 41. Rxf6 Nc4 42. Rd1 d4 43. exd4 Rb7 44. 
Ne5 Nb2 45. Rd2 Nc4 46. Rxf7+ Rxf7 47. Nxc4 Rb7 48. f3 1-0

[Event "Cannes"]
[Site "Cannes"]
[Date "1987.??.??"]
[Round "?"]
[White "Gulko, Boris F"]
[Black "Spassky, Boris V"]
[Result "1/2-1/2"]
[WhiteElo "2525"]
[BlackElo "2605"]
[EventDate "1987.02.??"]

1. d4 Nf6 2. c4 e6 3. Nc3 d5 4. cxd5 exd5 5. Bg5 Be7 6. e3 O-O 7. Bd3 Nbd7
8. Nge2 Re8 9. Qc2 Nf8 10. O-O c6 11. a3 Nh5 12. Bxe7 Qxe7 13. b4 a6 14. 
Na4 g6 15. Nc5 Ng7 16. a4 Bf5 17. b5 axb5 18. axb5 Nfe6 19. Nxe6 Bxd3 20. 
Qxd3 Nxe6 21. Qb3 Qd6 22. Nc3 h5 23. h3 Red8 24. Ra4 Rxa4 25. Nxa4 c5 26. 
dxc5 Nxc5 27. Nxc5 Qxc5 28. Rd1 d4 1/2-1/2